Research priorities and agro ecologic relevance of rubber in the North East (Record no. 53012)

MARC details
000 -LEADER
fixed length control field 00453nam a2200121Ia 4500
100 ## - MAIN ENTRY--AUTHOR NAME
Personal name Varghese Y.A.
245 #0 - TITLE STATEMENT
Title Research priorities and agro ecologic relevance of rubber in the North East
260 ## - PUBLICATION, DISTRIBUTION, ETC. (IMPRINT)
Name of publisher Seminar on Scientific Aspects of Rubber Cultivation, September 1998, Assam Agricultural University, Jorhat, India.
Year of publication 1998
650 ## - SUBJECT ADDED ENTRY--TOPICAL TERM
Topical Term North East India
650 ## - SUBJECT ADDED ENTRY--TOPICAL TERM
Topical Term Research priority
942 ## - ADDED ENTRY ELEMENTS (KOHA)
Koha item type Bibliography STAF
Holdings
Withdrawn status Lost status Damaged status Not for loan Home library Current library Date acquired Koha item type
      Bibliography RRII Library RRII Library 09/04/2014 Bibliography STAF